[Event "Gibtelecom Festival 2010 - Masters"]
[Site "Gibraltar ENG"]
[Date "2010.02.02"]
[Round "8.90"]
[White "Pettersen, Joar Gullestad"]
[Black "Young, Mel J"]
[Result "1-0"]
[WhiteElo "2020"]
[BlackElo "1971"]
[PlyCount "59"]
[EventDate "2010.01.26"]
[EventType "swiss"]
[EventRounds "10"]
[EventCountry "ENG"]
[Source "lmi"]
[SourceDate "2010.01.26"]

1. e4 c5 2. Nf3 d6 3. d4 cxd4 4. Nxd4 Nf6 5. Nc3 a6 6. h3 e5 7. Nde2 Be7 8. g4
h6 9. Bg2 Nbd7 10. Be3 Nb6 11. Qd3 Be6 12. b3 O-O 13. O-O Nfd7 14. Ng3 Qc7 15.
Nce2 Rac8 16. c4 Nc5 17. Qd2 Kh7 18. Nc3 Rfd8 19. Rad1 Rf8 20. Kh2 Ncd7 21. f4
exf4 22. Bxf4 Ne5 23. Nf5 Bxf5 24. exf5 Rcd8 25. Kh1 Rd7 26. a4 Rfd8 27. a5 Nc8
28. Nd5 Qb8 29. f6 Bxf6 30. Bxh6 1-0

[Event "Gibtelecom Festival 2010 - Masters"]
[Site "Gibraltar ENG"]
[Date "2010.02.02"]
[Round "8.91"]
[White "Rough, Robert E"]
[Black "Hughes, Roy"]
[Result "1/2-1/2"]
[WhiteElo "1811"]
[BlackElo "1976"]
[PlyCount "71"]
[EventDate "2010.01.26"]
[EventType "swiss"]
[EventRounds "10"]
[EventCountry "ENG"]
[Source "lmi"]
[SourceDate "2010.01.26"]

1. d4 Nf6 2. Bf4 e6 3. e3 Be7 4. h3 b6 5. Nf3 Bb7 6. Be2 O-O 7. O-O d6 8. Nbd2
Nbd7 9. c3 Re8 10. Qc2 Bf8 11. e4 e5 12. dxe5 dxe5 13. Bg5 c5 14. Rfe1 Qc7 15.
Rad1 a6 16. a4 Bc6 17. c4 Be7 18. Bd3 Nf8 19. Nf1 Qb7 20. Nxe5 Bxe4 21. Bxf6
Bxd3 22. Nxd3 Bxf6 23. Rxe8 Rxe8 24. Ne3 Ne6 25. Nd5 Bd4 26. Qb3 Rb8 27. Nc3
Qc6 28. Nd5 Rb7 29. Qa2 h6 30. b3 Qd6 31. Qc2 Rb8 32. Re1 Rd8 33. Qe2 b5 34.
axb5 axb5 35. Qf3 b4 36. N3f4 1/2-1/2

[Event "Gibtelecom Festival 2010 - Masters"]
[Site "Gibraltar ENG"]
[Date "2010.02.02"]
[Round "8.93"]
[White "Schuetze, Norman"]
[Black "Bishop, Geoffrey L"]
[Result "1-0"]
[WhiteElo "2269"]
[BlackElo "1851"]
[PlyCount "43"]
[EventDate "2010.01.26"]
[EventType "swiss"]
[EventRounds "10"]
[EventCountry "ENG"]
[Source "lmi"]
[SourceDate "2010.01.26"]

1. e4 Nf6 2. e5 Nd5 3. d4 d6 4. c4 Nb6 5. exd6 cxd6 6. Nc3 g6 7. Be3 Bg7 8. Rc1
O-O 9. b3 Nc6 10. d5 Ne5 11. Be2 e6 12. f4 Bh6 13. Qd2 exd5 14. fxe5 Bxe3 15.
Qxe3 dxc4 16. Nf3 cxb3 17. axb3 Be6 18. O-O Bxb3 19. Ne4 f5 20. Qxb3+ Kh8 21.
Nxd6 Qe7 22. Rfd1 1-0

[Event "Gibtelecom Festival 2010 - Masters"]
[Site "Gibraltar ENG"]
[Date "2010.02.02"]
[Round "8.94"]
[White "Fox, Pierre"]
[Black "Lumsdon, Andrew"]
[Result "0-1"]
[WhiteElo "1788"]
[BlackElo "2090"]
[PlyCount "44"]
[EventDate "2010.01.26"]
[EventType "swiss"]
[EventRounds "10"]
[EventCountry "ENG"]
[Source "lmi"]
[SourceDate "2010.01.26"]

1. d4 Nf6 2. c4 c5 3. d5 b5 4. Nf3 bxc4 5. Nc3 d6 6. e4 Ba6 7. Qa4+ Qd7 8. Qa5
Qb7 9. Qa4+ Qd7 10. Qa5 g6 11. Nd2 Bg7 12. b3 O-O 13. Be2 Qb7 14. bxc4 Qb4 15.
Qa3 Nfd7 16. Ndb1 Nb6 17. Qb3 Bxc4 18. Bxc4 Nxc4 19. O-O Nd7 20. f4 Rfb8 21. e5
dxe5 22. Nd2 Ne3 0-1

[Event "Gibtelecom Festival 2010 - Masters"]
[Site "Gibraltar ENG"]
[Date "2010.02.02"]
[Round "8.96"]
[White "Perez Reisler, Jose"]
[Black "Kuenitz, Klaus"]
[Result "1-0"]
[WhiteElo "2001"]
[BlackElo "1755"]
[PlyCount "45"]
[EventDate "2010.01.26"]
[EventType "swiss"]
[EventRounds "10"]
[EventCountry "ENG"]
[Source "lmi"]
[SourceDate "2010.01.26"]

1. c4 e5 2. Nc3 d6 3. Nf3 g6 4. d4 exd4 5. Nxd4 Bg7 6. e4 Nc6 7. Be3 a6 8. Be2
Nf6 9. O-O h5 10. f3 Ne5 11. Bg5 c5 12. Nc2 Be6 13. Ne3 Qb6 14. Qd2 O-O 15.
Bxf6 Bxf6 16. Ned5 Qd8 17. Nxf6+ Qxf6 18. Qxd6 Rfd8 19. Qxc5 Rac8 20. Qb6 Rxc4
21. Nd5 Qh4 22. g3 Rc6 23. Qxb7 1-0

[Event "Gibtelecom Festival 2010 - Masters"]
[Site "Gibraltar ENG"]
[Date "2010.02.02"]
[Round "8.101"]
[White "Chidi, Lovinia Sylvia"]
[Black "Pereira, Johnharry"]
[Result "0-1"]
[WhiteElo "1832"]
[BlackElo "1892"]
[PlyCount "98"]
[EventDate "2010.01.26"]
[EventType "swiss"]
[EventRounds "10"]
[EventCountry "ENG"]
[Source "lmi"]
[SourceDate "2010.01.26"]

1. e4 c6 2. d4 d5 3. exd5 cxd5 4. Nf3 Bg4 5. Be2 Nc6 6. c3 Nf6 7. h3 Bh5 8. Ne5
Bxe2 9. Qxe2 e6 10. Qb5 Qc8 11. Qe2 Be7 12. Be3 O-O 13. Nd2 a6 14. O-O b5 15.
Rfc1 Qb7 16. Nxc6 Qxc6 17. Bf4 Rfe8 18. Qd1 Qb6 19. Be3 Bd6 20. Qb3 Rab8 21.
Qc2 Bc7 22. Qd3 Qd6 23. Nf3 h6 24. Ne5 Ne4 25. Bf4 a5 26. Ng6 Qd7 27. Bxc7 Qxc7
28. Ne5 Qd6 29. Nf3 Qf4 30. Rc2 Rec8 31. Re2 Nd6 32. g3 Qf6 33. Kg2 b4 34. Ne5
Qd8 35. cxb4 Rxb4 36. b3 Nb5 37. Nf3 Rc3 38. Qd1 Rxf3 39. Kxf3 Qf6+ 40. Kg2 Nc3
41. Qf1 Nxe2 42. Qxe2 Qxd4 43. Rc1 g6 44. Rc2 a4 45. f3 axb3 46. axb3 Rxb3 47.
Rd2 Qc5 48. Qe5 Rb1 49. Rf2 Qc1 0-1

[Event "Gibtelecom Festival 2010 - Masters"]
[Site "Gibraltar ENG"]
[Date "2010.02.02"]
[Round "8.104"]
[White "Gates, David"]
[Black "Yarur Elsaca, Daniel"]
[Result "0-1"]
[WhiteElo "1702"]
[BlackElo "1815"]
[PlyCount "58"]
[EventDate "2010.01.26"]
[EventType "swiss"]
[EventRounds "10"]
[EventCountry "ENG"]
[Source "lmi"]
[SourceDate "2010.01.26"]

1. e4 c5 2. Nf3 Nc6 3. Bd3 g6 4. c3 Bg7 5. Bc2 Nf6 6. d4 cxd4 7. Nxd4 O-O 8.
Nd2 d5 9. Nxc6 bxc6 10. Qe2 Qc7 11. e5 Nd7 12. f4 f6 13. e6 Nc5 14. f5 gxf5 15.
Bxf5 Ba6 16. Qh5 Qe5+ 17. Kd1 Be2+ 18. Qxe2 Qxf5 19. Re1 Rab8 20. g4 Qg6 21. h4
f5 22. gxf5 Rxf5 23. Nf3 Na4 24. Rg1 Qh5 25. Rg3 Rbf8 26. Qg2 Rxf3 27. Rxg7+
Kh8 28. Rg5 Rf1+ 29. Kc2 Qd1+ 0-1

[Event "Gibtelecom Festival 2010 - Masters"]
[Site "Gibraltar ENG"]
[Date "2010.02.03"]
[Round "9.6"]
[White "Fressinet, Laurent"]
[Black "Javakhishvili, Lela"]
[Result "1/2-1/2"]
[WhiteElo "2670"]
[BlackElo "2493"]
[PlyCount "122"]
[EventDate "2010.01.26"]
[EventType "swiss"]
[EventRounds "10"]
[EventCountry "ENG"]
[Source "lmi"]
[SourceDate "2010.01.26"]

1. d4 Nf6 2. c4 e6 3. Nf3 b6 4. g3 Bb4+ 5. Bd2 c5 6. Bxb4 cxb4 7. Bg2 Bb7 8.
O-O a5 9. Qd3 O-O 10. Nbd2 d6 11. e4 e5 12. Rfd1 Nc6 13. Rac1 Re8 14. a3 bxa3
15. bxa3 Ba6 16. Nf1 Qb8 17. Ne3 a4 18. Nf5 Bc8 19. N3h4 h6 20. Qe3 Bxf5 21.
Nxf5 Ne7 22. dxe5 dxe5 23. Rb1 Nxf5 24. exf5 e4 25. Rxb6 Qc8 26. Rd4 Qxf5 27.
h3 Ra5 28. Rbd6 Qe5 29. Rd8 Rxd8 30. Rxd8+ Kh7 31. Rd4 Ra7 32. Bxe4+ Nxe4 33.
Qxe4+ Qxe4 34. Rxe4 Rb7 35. c5 Rb1+ 36. Kg2 Rc1 37. Rxa4 Rxc5 38. Rf4 f6 39. a4
Rc1 40. h4 Kg6 41. Kf3 Ra1 42. Ke3 Kh5 43. Rb4 g5 44. hxg5 hxg5 45. Kd4 Ra2 46.
Kc5 f5 47. Kb6 Rxf2 48. a5 f4 49. gxf4 gxf4 50. a6 Kg4 51. Ra4 Rc2 52. a7 Rc8
53. Kb7 Rh8 54. Rc4 Kg3 55. Rc8 Rh7+ 56. Rc7 Rh8 57. Rg7+ Kf2 58. a8=Q Rxa8 59.
Kxa8 f3 60. Rf7 Ke2 61. Rxf3 Kxf3 1/2-1/2

[Event "Gibtelecom Festival 2010 - Masters"]
[Site "Gibraltar ENG"]
[Date "2010.02.03"]
[Round "9.7"]
[White "Sandipan, Chanda"]
[Black "Boskovic, Drasko"]
[Result "1/2-1/2"]
[WhiteElo "2622"]
[BlackElo "2454"]
[PlyCount "123"]
[EventDate "2010.01.26"]
[EventType "swiss"]
[EventRounds "10"]
[EventCountry "ENG"]
[Source "lmi"]
[SourceDate "2010.01.26"]

1. d4 Nf6 2. c4 c5 3. d5 e6 4. Nc3 exd5 5. cxd5 d6 6. e4 g6 7. f3 Bg7 8. Nge2
O-O 9. Ng3 a6 10. a4 h5 11. Bg5 Qe8 12. Qd2 Nh7 13. Bh6 h4 14. Bxg7 Kxg7 15.
Nge2 Nd7 16. Nf4 Ne5 17. Be2 Qe7 18. O-O Qg5 19. Rad1 Bd7 20. Ne6+ fxe6 21. f4
Qe7 22. fxe5 dxe5 23. Bc4 Rad8 24. Rxf8 Rxf8 25. dxe6 Bxe6 26. Bxe6 Qxe6 27.
Qd7+ Qxd7 28. Rxd7+ Rf7 29. Rd5 Nf6 30. Rxc5 Ng4 31. Nd5 Nf2 32. Rc4 h3 33. a5
hxg2 34. Kxg2 Nd3 35. b4 Kh6 36. Kg3 Nf2 37. Nc3 Rf4 38. Rc7 Nxe4+ 39. Nxe4
Rxe4 40. Rxb7 Kg5 41. Kf3 Rh4 42. Ke3 Rd4 43. b5 axb5 44. Rxb5 Kf5 45. Rb8 Ra4
46. Rf8+ Ke6 47. Ra8 Kd5 48. a6 Ra3+ 49. Kf2 g5 50. a7 Kc6 51. Rc8+ Kb7 52. Re8
Kxa7 53. Rxe5 Rh3 54. Kg2 g4 55. Rb5 Ka6 56. Rb4 Rh4 57. Rb3 Ka5 58. Kg1 Ka4
59. Rb2 Ka5 60. Kf1 Ka6 61. Kg2 Rh3 62. Rb4 1/2-1/2

[Event "Gibtelecom Festival 2010 - Masters"]
[Site "Gibraltar ENG"]
[Date "2010.02.03"]
[Round "9.8"]
[White "Guliyev, Namig"]
[Black "Cheparinov, Ivan"]
[Result "1/2-1/2"]
[WhiteElo "2516"]
[BlackElo "2660"]
[PlyCount "106"]
[EventDate "2010.01.26"]
[EventType "swiss"]
[EventRounds "10"]
[EventCountry "ENG"]
[Source "lmi"]
[SourceDate "2010.01.26"]

1. e4 c5 2. Nf3 d6 3. d4 cxd4 4. Nxd4 Nf6 5. Nc3 a6 6. Be2 e5 7. Nb3 Be7 8. Bg5
Be6 9. Bxf6 Bxf6 10. Qd3 Be7 11. O-O-O Nd7 12. Nd5 Bxd5 13. Qxd5 Qc7 14. Kb1
Nf6 15. Qd3 O-O 16. Nd2 Rfd8 17. Bf3 Qc5 18. Qe2 Rac8 19. Nb3 Qc7 20. c3 b5 21.
Na1 a5 22. Nc2 b4 23. cxb4 d5 24. exd5 axb4 25. Ne3 e4 26. Bg4 Ra8 27. Bh3 Qa7
28. Qc4 b3 29. axb3 Bd6 30. g3 Qa2+ 31. Kc2 Be5 32. Rb1 Nd7 33. Bxd7 Rxd7 34.
Qxe4 Bf6 35. Rhc1 Rb7 36. Qc4 Rbb8 37. Qd3 Ra3 38. Kd1 Raxb3 39. Qc4 h5 40. Qe4
Bxb2 41. Qc2 Bxc1 42. Qxa2 Rxb1 43. Nc4 Bg5+ 44. Ke2 Bf6 45. Kf3 Rd1 46. Ne3
Rd4 47. h4 Rd8 48. Qa6 Rd2 49. Qa5 Rd3 50. Qb5 Rc3 51. Qb4 g6 52. Kg2 Rcc8 53.
g4 hxg4 1/2-1/2

[Event "Gibtelecom Festival 2010 - Masters"]
[Site "Gibraltar ENG"]
[Date "2010.02.03"]
[Round "9.9"]
[White "Carlsson, Pontus"]
[Black "Fridman, Daniel"]
[Result "0-1"]
[WhiteElo "2476"]
[BlackElo "2654"]
[PlyCount "58"]
[EventDate "2010.01.26"]
[EventType "swiss"]
[EventRounds "10"]
[EventCountry "ENG"]
[Source "lmi"]
[SourceDate "2010.01.26"]

1. e4 c6 2. d4 d5 3. e5 c5 4. dxc5 Nc6 5. Nf3 Bg4 6. Bb5 Qa5+ 7. Nc3 e6 8. Be3
Nge7 9. h3 Bxf3 10. Qxf3 a6 11. Ba4 O-O-O 12. Qxf7 d4 13. Qxe6+ Kb8 14. O-O-O
dxe3 15. Rxd8+ Qxd8 16. Qd6+ Ka7 17. f4 g5 18. Qxd8 Nxd8 19. fxg5 Bg7 20. Ne4
Bxe5 21. Re1 Rf8 22. Bd7 Nf5 23. Bxf5 Rxf5 24. Kd1 Bxb2 25. Rxe3 Ne6 26. Rb3
Rd5+ 27. Rd3 Re5 28. Nd6 Nxc5 29. Nc8+ Kb8 0-1

[Event "Gibtelecom Festival 2010 - Masters"]
[Site "Gibraltar ENG"]
[Date "2010.02.03"]
[Round "9.11"]
[White "Hoffmann, Michael"]
[Black "Istratescu, Andrei"]
[Result "1/2-1/2"]
[WhiteElo "2508"]
[BlackElo "2607"]
[PlyCount "110"]
[EventDate "2010.01.26"]
[EventType "swiss"]
[EventRounds "10"]
[EventCountry "ENG"]
[Source "lmi"]
[SourceDate "2010.01.26"]

1. d4 e6 2. e4 d5 3. Nc3 Nf6 4. Bg5 Bb4 5. e5 h6 6. Bd2 Bxc3 7. bxc3 Ne4 8. Qg4
g6 9. Qf4 c5 10. Bd3 Nxd2 11. Qxd2 Nc6 12. Nf3 c4 13. Be2 Bd7 14. Rb1 b6 15. h4
f5 16. exf6 Qxf6 17. Qe3 O-O-O 18. Kd2 Rdf8 19. Rbf1 Qf5 20. g3 Kc7 21. Bd1 Qe4
22. Re1 Qxe3+ 23. fxe3 Rh7 24. Ref1 Rhf7 25. Be2 Kd6 26. Ke1 b5 27. a3 a5 28.
Kd2 Rf6 29. Rhg1 Be8 30. Rh1 Ne7 31. g4 Nc6 32. Rhg1 R6f7 33. g5 h5 34. Rg3 e5
35. dxe5+ Nxe5 36. Nxe5 Rxf1 37. Bxf1 Rxf1 38. Rf3 Rh1 39. Nxg6 Bxg6 40. Rf6+
Ke5 41. Rxg6 Rxh4 42. Ke2 Kf5 43. Rd6 Kxg5 44. Rxd5+ Kg4 45. e4 Rh2+ 46. Ke3
Rxc2 47. Rxb5 Rxc3+ 48. Kd4 Rxa3 49. e5 h4 50. e6 Rd3+ 51. Kxc4 Re3 52. Kd5 Kf5
53. Kd4+ Kf4 54. Rh5 Rxe6 55. Rxh4+ Kg5 1/2-1/2

[Event "Gibtelecom Festival 2010 - Masters"]
[Site "Gibraltar ENG"]
[Date "2010.02.03"]
[Round "9.13"]
[White "Harika, Dronavalli"]
[Black "Gopal, Geetha Narayanan"]
[Result "0-1"]
[WhiteElo "2471"]
[BlackElo "2584"]
[PlyCount "118"]
[EventDate "2010.01.26"]
[EventType "swiss"]
[EventRounds "10"]
[EventCountry "ENG"]
[Source "lmi"]
[SourceDate "2010.01.26"]

1. d4 c5 2. Nf3 cxd4 3. Nxd4 g6 4. c4 Bg7 5. e4 Nc6 6. Be3 Nf6 7. Nc3 d6 8. Be2
O-O 9. O-O Nxd4 10. Bxd4 Bd7 11. Nd5 Nxe4 12. Bxg7 Kxg7 13. Qd4+ Nf6 14. Nxf6
exf6 15. Qxd6 Re8 16. Bf3 Bc6 17. Qa3 Qd4 18. Bxc6 bxc6 19. b3 Rad8 20. Rae1
Rxe1 21. Rxe1 Qd2 22. Rf1 a5 23. g3 Re8 24. Qa4 Re6 25. a3 c5 26. Qb5 Re5 27.
Qb6 h5 28. h4 f5 29. Qc7 Qc3 30. Rd1 f4 31. gxf4 Rf5 32. Rd8 Qe1+ 33. Kg2 Qe4+
34. Kg3 Qe2 35. Qb8 Qg4+ 36. Kh2 Qxh4+ 37. Kg2 Qg4+ 38. Kf1 Qxf4 39. Qxf4 Rxf4
40. Ra8 Rf3 41. Rxa5 Rxb3 42. a4 Rb4 43. Rxc5 Rxa4 44. Rc8 h4 45. c5 g5 46. c6
Rc4 47. Kg2 Kf6 48. Rh8 Kf5 49. Rf8 Ke6 50. Rg8 Kf6 51. Rh8 Kg7 52. Rc8 Rc2 53.
Kf3 Kf6 54. Kg4 Rxf2 55. Rd8 Rf4+ 56. Kh5 Rc4 57. Rd5 h3 58. Rd6+ Ke5 59. Rd3
g4 0-1

[Event "Gibtelecom Festival 2010 - Masters"]
[Site "Gibraltar ENG"]
[Date "2010.02.03"]
[Round "9.14"]
[White "Lenderman, Alex"]
[Black "Dzagnidze, Nana"]
[Result "1-0"]
[WhiteElo "2560"]
[BlackElo "2506"]
[PlyCount "103"]
[EventDate "2010.01.26"]
[EventType "swiss"]
[EventRounds "10"]
[EventCountry "ENG"]
[Source "lmi"]
[SourceDate "2010.01.26"]

1. Nf3 Nf6 2. c4 e6 3. Nc3 Bb4 4. Qc2 c5 5. a3 Bxc3 6. Qxc3 Nc6 7. g3 O-O 8.
Bg2 Qe7 9. O-O e5 10. d3 d5 11. Bg5 d4 12. Qb3 Qc7 13. Bxf6 gxf6 14. e3 Be6 15.
exd4 cxd4 16. Qd1 Kh8 17. Nh4 f5 18. Qh5 Ne7 19. Rae1 f6 20. f4 Bf7 21. Qd1 e4
22. dxe4 Bxc4 23. Rf2 d3 24. exf5 Rad8 25. Qd2 Bg8 26. Be4 Qc5 27. Re3 Bc4 28.
Bxd3 Rd5 29. Qe2 Rxd3 30. Rxd3 Bxd3 31. Qxd3 Nd5 32. b4 Qc6 33. Rd2 Rd8 34. Ng2
Rd7 35. Qf3 Qb6+ 36. Kh1 Qd8 37. h3 b5 38. Qd1 Qa8 39. Kh2 Qc6 40. Qh5 Re7 41.
Qf3 Rd7 42. Qe4 Kg7 43. h4 Qb7 44. Qe6 Rd8 45. h5 h6 46. Qe4 Rd7 47. Qe8 Rf7
48. Nh4 Qd7 49. Qe6 Re7 50. Rxd5 Qe8 51. Qd6 Re2+ 52. Kh3 1-0

[Event "Gibtelecom Festival 2010 - Masters"]
[Site "Gibraltar ENG"]
[Date "2010.02.03"]
[Round "9.21"]
[White "Maze, Sebastien"]
[Black "Avalos Parra, Joao"]
[Result "0-1"]
[WhiteElo "2554"]
[BlackElo "2245"]
[PlyCount "100"]
[EventDate "2010.01.26"]
[EventType "swiss"]
[EventRounds "10"]
[EventCountry "ENG"]
[Source "lmi"]
[SourceDate "2010.01.26"]

1. g3 Nf6 2. Bg2 d5 3. d3 e5 4. c4 c6 5. Qb3 Qb6 6. Nd2 Bc5 7. Qxb6 Bxb6 8. b3
O-O 9. Bb2 Re8 10. Nh3 Bg4 11. f3 Bh5 12. O-O-O Nbd7 13. Nf1 h6 14. Rd2 Bc5 15.
Rd1 Bb6 16. Kc2 g5 17. g4 Bg6 18. e4 a5 19. Ng3 Bc5 20. Ng1 b5 21. cxb5 cxb5
22. N1e2 d4 23. h4 a4 24. Kb1 axb3 25. axb3 Ba3 26. Rc1 Ra7 27. Rc6 Rea8 28.
Bxa3 Rxa3 29. Nc1 R3a6 30. Rc2 Ne8 31. hxg5 hxg5 32. Nf5 Bxf5 33. exf5 Rb8 34.
Rh5 Nef6 35. Rxg5+ Kf8 36. Rc7 Rd8 37. f4 exf4 38. Bc6 Ne5 39. Bxb5 Rb6 40. Ba4
f3 41. Rc2 Nfxg4 42. Rh5 Rh6 43. Rxh6 Nxh6 44. b4 Nhg4 45. Nb3 f2 46. Nd2 Ne3
47. Rc1 Rb8 48. Bb3 Nxd3 49. Rh1 Rxb4 50. Ka2 Kg7 0-1

[Event "Gibtelecom Festival 2010 - Masters"]
[Site "Gibraltar ENG"]
[Date "2010.02.03"]
[Round "9.22"]
[White "Vernay, Clovis"]
[Black "Henriksson, Johan"]
[Result "1-0"]
[WhiteElo "2442"]
[BlackElo "2204"]
[PlyCount "71"]
[EventDate "2010.01.26"]
[EventType "swiss"]
[EventRounds "10"]
[EventCountry "ENG"]
[Source "lmi"]
[SourceDate "2010.01.26"]

1. d4 d5 2. c4 c6 3. e3 Nf6 4. Nf3 Bf5 5. cxd5 cxd5 6. Nc3 Nc6 7. Ne5 Nd7 8. g4
Be6 9. Nd3 Nb6 10. a4 Bc8 11. a5 Nc4 12. a6 e6 13. b3 Nd6 14. axb7 Nxb7 15. b4
Be7 16. Qa4 Bd7 17. b5 Nb8 18. Ne5 O-O 19. Bd2 f6 20. Nc6 Bxc6 21. bxc6 Nd6 22.
Rc1 Qc7 23. Bg2 Bd8 24. Nb5 Nxb5 25. Qxb5 a5 26. e4 dxe4 27. Bxe4 f5 28. gxf5
exf5 29. Bd5+ Kh8 30. O-O Qd6 31. c7 Na6 32. c8=Q Rxc8 33. Rxc8 Nc7 34. Qc6
Qxd5 35. Qxc7 f4 36. Bxf4 1-0

[Event "Gibtelecom Festival 2010 - Masters"]
[Site "Gibraltar ENG"]
[Date "2010.02.03"]
[Round "9.24"]
[White "Battaglini, Gabriel"]
[Black "Ivanov, Stojan Emilov"]
[Result "0-1"]
[WhiteElo "2411"]
[BlackElo "2198"]
[PlyCount "90"]
[EventDate "2010.01.26"]
[EventType "swiss"]
[EventRounds "10"]
[EventCountry "ENG"]
[Source "lmi"]
[SourceDate "2010.01.26"]

1. e4 e5 2. Nf3 Nf6 3. d4 Nxe4 4. Bd3 d5 5. dxe5 Nc6 6. Nbd2 Nc5 7. Bb5 a6 8.
Bxc6+ bxc6 9. Nd4 Bd7 10. O-O Be7 11. N2b3 O-O 12. Na5 Qe8 13. Re1 Rb8 14. c3
Ne4 15. f3 Ng5 16. b4 c5 17. bxc5 Ba4 18. Ndb3 Bxc5+ 19. Kh1 Ne6 20. Qxd5 Be7
21. Be3 c5 22. Qc4 Bb5 23. Qg4 Qc8 24. Nc4 Rd8 25. Rad1 h5 26. Qe4 Bc6 27.
Rxd8+ Nxd8 28. Qf4 Ne6 29. Qg3 Qd8 30. Qf2 Qd3 31. Nca5 Ba8 32. c4 Rd8 33. h3
Qf5 34. Bc1 Rd3 35. Nd2 Bg5 36. Nab3 Be7 37. Re3 Rd8 38. Bb2 Bg5 39. Rc3 Nf4
40. Qxc5 Nxg2 41. Qf2 Qxh3+ 42. Kg1 Nh4 43. c5 Nxf3+ 44. Rxf3 Bxf3 45. Qxf3
Be3+ 0-1

[Event "Gibtelecom Festival 2010 - Masters"]
[Site "Gibraltar ENG"]
[Date "2010.02.03"]
[Round "9.25"]
[White "Karavade, Eesha"]
[Black "Fokin, Sergey"]
[Result "1/2-1/2"]
[WhiteElo "2405"]
[BlackElo "2109"]
[PlyCount "75"]
[EventDate "2010.01.26"]
[EventType "swiss"]
[EventRounds "10"]
[EventCountry "ENG"]
[Source "lmi"]
[SourceDate "2010.01.26"]

1. Nf3 Nf6 2. c4 e6 3. g3 d5 4. Bg2 c6 5. Qc2 Be7 6. O-O b6 7. d4 Nbd7 8. Nbd2
Ba6 9. b3 b5 10. a4 bxc4 11. bxc4 O-O 12. Re1 c5 13. Ba3 Rc8 14. cxd5 Nxd5 15.
Ne5 Nxe5 16. dxe5 Nb4 17. Qc3 Qc7 18. Nc4 Nd5 19. Qc2 Bxc4 20. Qxc4 Qxe5 21.
Rac1 Rfd8 22. h4 Ne3 23. Qe4 Qxe4 24. Bxe4 Nd5 25. Rcd1 Kf8 26. Bd3 Nb4 27. Bc4
a5 28. Bb2 Bf6 29. Ba3 Ke7 30. e3 Rxd1 31. Rxd1 Rd8 32. Rxd8 Kxd8 33. Bxb4 cxb4
34. h5 Ke7 35. Kg2 Bc3 36. g4 g6 37. hxg6 hxg6 38. g5 1/2-1/2

[Event "Gibtelecom Festival 2010 - Masters"]
[Site "Gibraltar ENG"]
[Date "2010.02.03"]
[Round "9.26"]
[White "Houska, Jovanka"]
[Black "Allor, Chukwuka"]
[Result "1/2-1/2"]
[WhiteElo "2401"]
[BlackElo "2100"]
[PlyCount "115"]
[EventDate "2010.01.26"]
[EventType "swiss"]
[EventRounds "10"]
[EventCountry "ENG"]
[Source "lmi"]
[SourceDate "2010.01.26"]

1. d4 Nf6 2. Nf3 g6 3. c4 Bg7 4. g3 O-O 5. Bg2 d5 6. cxd5 Nxd5 7. O-O Nb6 8.
Nc3 Nc6 9. e3 Re8 10. Re1 e5 11. d5 Na5 12. e4 c6 13. b3 cxd5 14. exd5 e4 15.
Nxe4 Nxd5 16. Bg5 f6 17. Bd2 Nc6 18. Rc1 Ndb4 19. Nd6 Rxe1+ 20. Bxe1 Be6 21.
Nxb7 Qxd1 22. Rxd1 Bf8 23. Nd4 Nxd4 24. Bxb4 Ne2+ 25. Kf1 Bxb4 26. Kxe2 a5 27.
Rd8+ Rxd8 28. Nxd8 Bf5 29. Nc6 Bc3 30. Bd5+ Kf8 31. f3 Bd7 32. Nb8 Ke7 33. Kd3
Be5 34. Nxd7 Kxd7 35. f4 Bd6 36. h4 Bc5 37. Ke4 Bf2 38. Kf3 Be1 39. Bg8 h6 40.
Bh7 g5 41. Kg4 Ke7 42. Bg8 Kf8 43. Bc4 Kg7 44. a3 Kg6 45. h5+ Kg7 46. b4 axb4
47. a4 b3 48. Bxb3 f5+ 49. Kf3 Kf6 50. Bd5 Ba5 51. Bb7 Bc7 52. Bc8 gxf4 53.
gxf4 Ba5 54. Bb7 Bd2 55. Ke2 Bxf4 56. a5 Bb8 57. a6 Kg5 58. Bf3 1/2-1/2

[Event "Gibtelecom Festival 2010 - Masters"]
[Site "Gibraltar ENG"]
[Date "2010.02.03"]
[Round "9.28"]
[White "Dworakowska, Joanna"]
[Black "Seitz, Benjamin"]
[Result "1-0"]
[WhiteElo "2374"]
[BlackElo "2017"]
[PlyCount "53"]
[EventDate "2010.01.26"]
[EventType "swiss"]
[EventRounds "10"]
[EventCountry "ENG"]
[Source "lmi"]
[SourceDate "2010.01.26"]

1. e4 c5 2. Nf3 e6 3. d4 cxd4 4. Nxd4 Qb6 5. Nc3 Bc5 6. Na4 Qa5+ 7. c3 Bxd4 8.
Qxd4 Nf6 9. Nc5 Nc6 10. Qe3 b6 11. Nb3 Qa4 12. Nd2 Ba6 13. Be2 Bxe2 14. Qxe2 d5
15. exd5 Nxd5 16. Ne4 O-O 17. O-O Ne5 18. b3 Qc6 19. c4 Nf6 20. Nxf6+ gxf6 21.
Bb2 Qc5 22. Kh1 Rad8 23. f4 Nd7 24. Rad1 Qf5 25. Rd3 Nc5 26. Rg3+ Kh8 27. Rg5
1-0

[Event "Gibtelecom Festival 2010 - Masters"]
[Site "Gibraltar ENG"]
[Date "2010.02.03"]
[Round "9.30"]
[White "Videnova, Iva"]
[Black "Cmilyte, Viktorija"]
[Result "0-1"]
[WhiteElo "2301"]
[BlackElo "2489"]
[PlyCount "88"]
[EventDate "2010.01.26"]
[EventType "swiss"]
[EventRounds "10"]
[EventCountry "ENG"]
[Source "lmi"]
[SourceDate "2010.01.26"]

1. e4 e5 2. Nf3 Nc6 3. Bb5 f5 4. Nc3 Nf6 5. d3 fxe4 6. dxe4 Bc5 7. Bg5 d6 8.
O-O O-O 9. Nd5 Kh8 10. Nh4 Nd4 11. Bd3 c6 12. Nxf6 gxf6 13. Bh6 Rg8 14. Kh1 f5
15. Nxf5 Bxf5 16. exf5 e4 17. Bc4 Nxf5 18. Bxg8 Nxh6 19. Be6 Qf6 20. Bh3 Qxb2
21. Rb1 Qg7 22. Rb3 Rf8 23. Qe2 d5 24. Rg3 Qf6 25. Rb3 b5 26. f4 a5 27. g4 Qg6
28. g5 Nf5 29. Bxf5 Rxf5 30. h4 h5 31. Qd2 a4 32. Rg3 Bb6 33. Rg2 Kg7 34. Qb4
Qe6 35. Qc3+ d4 36. Qh3 Kg6 37. Re2 e3 38. Qf3 Bc7 39. Ree1 Rxf4 40. Qg2 Rxh4+
41. Kg1 Bh2+ 42. Qxh2 Rg4+ 43. Qg2 Rxg2+ 44. Kxg2 Qe4+ 0-1

[Event "Gibtelecom Festival 2010 - Masters"]
[Site "Gibraltar ENG"]
[Date "2010.02.03"]
[Round "9.36"]
[White "Nezad, Husein Aziz"]
[Black "Lyell, Mark"]
[Result "1-0"]
[WhiteElo "2408"]
[BlackElo "2224"]
[PlyCount "133"]
[EventDate "2010.01.26"]
[EventType "swiss"]
[EventRounds "10"]
[EventCountry "ENG"]
[Source "lmi"]
[SourceDate "2010.01.26"]

1. e4 e5 2. Nf3 Nc6 3. Bb5 f5 4. Nc3 fxe4 5. Nxe4 Nf6 6. Nxf6+ Qxf6 7. Qe2 Be7
8. Bxc6 bxc6 9. Nxe5 Qe6 10. Qe3 O-O 11. O-O c5 12. b3 d6 13. Nc4 Qg6 14. Bb2
Bh4 15. Rae1 Bf5 16. Qc3 Bxc2 17. Re6 Rf6 18. Rxf6 Bxf6 19. Qf3 Re8 20. Bxf6
Qxf6 21. Qc6 Qf7 22. Ne3 Be4 23. Qa4 h6 24. Rc1 Qg6 25. h3 Kh7 26. Kh2 h5 27.
Rc3 Rf8 28. Kg1 Rf3 29. Kf1 Rxe3 30. Rxe3 Bxg2+ 31. Ke2 Qb1 32. Rc3 Qf1+ 33.
Ke3 d5 34. Rxc5 Qe1+ 35. Kd3 Be4+ 36. Kc3 Qc1+ 37. Kb4 Qxd2+ 38. Kb5 Qxf2 39.
Qxa7 Qe2+ 40. Kb4 Qd2+ 41. Ka3 Bb1 42. Rxc7 Qxa2+ 43. Kb4 Qd2+ 44. Ka3 Qa2+ 45.
Kb4 Qb2 46. Rc3 Qh2 47. Qd4 Qd6+ 48. Qc5 Qf4+ 49. Ka5 Qf6 50. b4 Bg6 51. b5 d4
52. Rc4 d3 53. Qd4 Qe7 54. Rc6 Qa3+ 55. Kb6 Qf8 56. Kb7 Qf3 57. Ka7 Be4 58. Rc7
Qg2 59. Re7 d2 60. Rd7 d1=Q 61. Qxd1 Qxh3 62. Qd4 Qg2 63. Re7 Bf3 64. Qd3+ Kg8
65. Qc4+ Kh7 66. b6 Qf2 67. Rf7 1-0